[Event "HUN-chT2 Asztalos 1617"]
[Site "Hungary"]
[Date "2016.10.30"]
[Round "3.11"]
[White "Kelemen, Sandor1111"]
[Black "Tombor, Mate"]
[Result "0-1"]
[WhiteElo "1371"]
[BlackElo "1427"]
[PlyCount "100"]
[EventDate "2016.09.25"]
[EventType "team-tourn"]
[EventRounds "11"]
[EventCountry "HUN"]
[SourceTitle "EXT 2021"]
[Source "ChessBase"]
[SourceDate "2020.10.23"]
[SourceVersion "1"]
[SourceVersionDate "2020.10.23"]
[SourceQuality "1"]
[WhiteTeam "Kaposvar Bastya"]
[BlackTeam "Marcali"]
[WhiteTeamCountry "HUN"]
[BlackTeamCountry "HUN"]

1. e4 d6 2. d4 Nf6 3. Nc3 g6 4. Bf4 Bg7 5. Nf3 Bg4 6. Be2 Nbd7 7. Qd2 Bxf3 8. Bxf3 e5 9. dxe5 Nxe5 10. Bxe5 dxe5 11. 0-0-0 Qxd2+ 12. Rxd2 Bh6 13. Rhd1 Rd8 14. Nd5 Nxd5 15. exd5 Bxd2+ 16. Rxd2 Rd6 17. Be2 Ke7 18. Bc4 f6 19. f3 g5 20. g3 Rg8 21. Re2 Kd7 22. a3 h5 23. h3 g4 24. fxg4 hxg4 25. h4 Rh8 26. Re4 Rg8 27. Bb3 a6 28. a4 Rg7 29. c4 c6 30. Re3 cxd5 31. cxd5 Re7 32. Rd3 f5 33. Bc2 f4 34. Bd1 f3 35. Kc2 Rf7 36. Rb3 Kd8 37. Rb4 f2 38. Be2 f1Q 39. Bxf1 Rxf1 40. Rxg4 Rf2+ 41. Kb3 Rb6+ 42. Kc4 Rbxb2 43. Kc5 Rf6 44. Rg8+ Ke7 45. Rg7+ Kf8 46. Rg4 Rc2+ 47. Kb4 Rd6 48. Rg5 Rxd5 49. Rf5+ Ke7 50. h5 Ke6 0-1

[Event "HUN-chT2 Asztalos 1516"]
[Site "Hungary"]
[Date "2015.11.29"]
[Round "5.12"]
[White "Dani, Ferenc"]
[Black "Tombor, Mate"]
[Result "1-0"]
[WhiteElo "1677"]
[BlackElo "1418"]
[PlyCount "89"]
[EventDate "2015.09.13"]
[EventType "team-tourn"]
[EventRounds "11"]
[EventCountry "HUN"]
[SourceTitle "CBM 170 Extra"]
[Source "ChessBase"]
[SourceDate "2016.02.25"]
[SourceVersion "1"]
[SourceVersionDate "2016.02.25"]
[SourceQuality "1"]
[WhiteTeam "Pecs Karmin"]
[BlackTeam "Marcali"]
[WhiteTeamCountry "HUN"]
[BlackTeamCountry "HUN"]

1. d4 d6 2. e4 Nf6 3. Nc3 g6 4. f4 Bg7 5. Nf3 Bg4 6. h3 Bxf3 7. Qxf3 c6 8. Bd3 0-0 9. Be3 Nbd7 10. 0-0 e5 11. dxe5 dxe5 12. f5 a6 13. g4 Ne8 14. Qf2 b5 15. a3 Nd6 16. Rad1 Qc7 17. Qd2 Rad8 18. Bh6 Nc5 19. Bxg7 Kxg7 20. f6+ Kg8 21. Qh6 Ne8 22. Qe3 Nxd3 23. Rxd3 Rxd3 24. cxd3 Qd6 25. g5 Qd4 26. Qxd4 exd4 27. Ne2 c5 28. b4 cxb4 29. axb4 Nc7 30. Rc1 Ne6 31. h4 h5 32. Kf2 Ra8 33. Ra1 Kf8 34. Kf3 Ke8 35. e5 a5 36. Rxa5 Rxa5 37. bxa5 Nc5 38. a6 Nxa6 39. Nxd4 b4 40. Nb3 Kd7 41. Ke4 Ke6 42. d4 Kd7 43. Nc5+ Nxc5+ 44. dxc5 b3 45. Kd3 1-0

[Event "HUN-chT2 Asztalos 1516"]
[Site "Hungary"]
[Date "2015.10.18"]
[Round "3.12"]
[White "Hegedus, Luca"]
[Black "Tombor, Mate"]
[Result "1/2-1/2"]
[WhiteElo "1499"]
[BlackElo "1418"]
[PlyCount "84"]
[EventDate "2015.09.13"]
[EventType "team-tourn"]
[EventRounds "11"]
[EventCountry "HUN"]
[SourceTitle "CBM 170 Extra"]
[Source "ChessBase"]
[SourceDate "2016.02.25"]
[SourceVersion "1"]
[SourceVersionDate "2016.02.25"]
[SourceQuality "1"]
[WhiteTeam "Decs 1990 II"]
[BlackTeam "Marcali"]
[WhiteTeamCountry "HUN"]
[BlackTeamCountry "HUN"]

1. d4 d6 2. c4 Nf6 3. Nc3 g6 4. e4 Bg7 5. Nf3 Bg4 6. h3 Bxf3 7. Qxf3 e5 8. d5 Nbd7 9. Be3 0-0 10. Bd3 a6 11. 0-0 c6 12. dxc6 bxc6 13. Rfd1 Qc7 14. Bc2 Rab8 15. b3 Rfd8 16. Rac1 h6 17. Rd3 Kh7 18. Rcd1 Nf8 19. Na4 Ne6 20. Nc3 Ne8 21. c5 Nxc5 22. Bxc5 dxc5 23. Rxd8 Rxd8 24. Rxd8 Qxd8 25. Na4 Qd2 26. Qd1 Qxd1+ 27. Bxd1 Bf8 28. Be2 Nc7 29. Nb6 Nb5 30. a4 Nc3 31. Bxa6 Nxe4 32. Nc4 f6 33. Bb7 Nd6 34. Bxc6 Nxc4 35. bxc4 Bd6 36. Kf1 Bc7 37. Ke2 Kg7 38. Ke3 f5 39. g4 Kf6 40. gxf5 gxf5 41. Bg2 e4 42. f3 exf3 1/2-1/2